Welcome to Marium Abdulla Library

Embrace knowledge with a breath of fresh air.

Browse Collection

Marium Abdulla Library

Educating for real : (Record no. 10303)

MARC details
000 -LEADER
fixed length control field 01083nam a22003135a 4500
001 - CONTROL NUMBER
control field 10117
003 - CONTROL NUMBER IDENTIFIER
control field IVS
005 - DATE AND TIME OF LATEST TRANSACTION
control field 20250626030538.0
008 - FIXED-LENGTH DATA ELEMENTS--GENERAL INFORMATION
fixed length control field 970829s1996 enka b 000 0 eng d
010 ## - LIBRARY OF CONGRESS CONTROL NUMBER
LC control number 97189585
020 ## - INTERNATIONAL STANDARD BOOK NUMBER
International Standard Book Number 1853393339 (pbk)
035 ## - SYSTEM CONTROL NUMBER
System control number (NIC)notisANT2133
035 ## - SYSTEM CONTROL NUMBER
System control number (CStRLIN)NYCXANT2133-B
040 ## - CATALOGING SOURCE
Original cataloging agency *UKM*
Transcribing agency *UKM*
Modifying agency NN
-- CStRLIN
-- NIC
-- DLC
-- DLC
042 ## - AUTHENTICATION CODE
Authentication code lccopycat
043 ## - GEOGRAPHIC AREA CODE
Geographic area code d------
082 ## - DEWEY DECIMAL CLASSIFICATION NUMBER
Classification number 370.72 HAM
Item number 10117
245 00 - TITLE STATEMENT
Title Educating for real :
Remainder of title the training of professionals for development practice /
Statement of responsibility, etc. edited by Nabeel Hambdi with Amr El-Sherif.
260 ## - PUBLICATION, DISTRIBUTION, ETC.
Place of publication, distribution, etc. London :
Name of publisher, distributor, etc. Intermediate Technology Publications,
Date of publication, distribution, etc. 1996.
300 ## - PHYSICAL DESCRIPTION
Extent xvi, 207 p. :
Other physical details ill. ;
Dimensions 23 cm.
504 ## - BIBLIOGRAPHY, ETC. NOTE
Bibliography, etc. note Includes bibliographical references.
650 #0 - SUBJECT ADDED ENTRY--TOPICAL TERM
Topical term or geographic name entry element City planning
General subdivision Study and teaching (Higher)
Geographic subdivision Developing countries.
650 #0 - SUBJECT ADDED ENTRY--TOPICAL TERM
Topical term or geographic name entry element City planners
General subdivision Training of
Geographic subdivision Developing countries.
700 1# - ADDED ENTRY--PERSONAL NAME
Personal name Hambdi, Nabeel.
700 1# - ADDED ENTRY--PERSONAL NAME
Personal name El-Sherif, Amr.
906 ## - LOCAL DATA ELEMENT F, LDF (RLIN)
a 0
b ibc
c copycat
d 3
e ncip
f 19
g y-gencatlg
942 ## - ADDED ENTRY ELEMENTS (KOHA)
Source of classification or shelving scheme Dewey Decimal Classification
Koha item type Book
Suppress in OPAC No
Holdings
Date last seen Total checkouts Full call number Barcode Price effective from Koha item type Lost status Source of classification or shelving scheme Damaged status Not for loan Collection Withdrawn status Home library Current library Shelving location Date acquired Source of acquisition Cost, normal purchase price
10/26/2021   370.72 HAM 10117 10/26/2021 Book   Dewey Decimal Classification     Foundation Year   Marium Abdulla Library Marium Abdulla Library Non-Ref 11/17/2011 Afzal Books International 5053.00